Zvolte sebe! : změňte svůj život - buďte šťastní - vydělejte miliony - prožijte svůj sen /

Hlavní autor: Altucher, James
Jazyk: Čeština
Vydáno: Praha : Synergie, c2015
Vydání: Vyd. 1.
Témata:
Fyzický popis: 270 s. : il. ; 21 cm
Knihy
Uloženo v:
LEADER 02140nam a2200613 a 4500
001 nkc20152684659
003 CZ PrNK
005 20150429094541.0
007 ta
008 150318s2015 xr a e f 000 0 cze
015 |a cnb002684659 
020 |a 978-80-7370-319-6  |q (brož.) 
035 |a (OCoLC)908822065 
040 |a OLA001  |b cze  |d ABA001 
041 1 |a cze  |h eng 
072 7 |a 316.4/.7  |x Sociální interakce. Sociální komunikace  |2 Konspekt  |9 18 
080 |a 316.628  |2 MRF 
080 |a 159.923.5  |2 MRF 
080 |a 316.46.058.2  |2 MRF 
080 |a 17.024.4  |2 MRF 
080 |a 331.101.3  |2 MRF 
080 |a 658:17.024.4  |2 MRF 
080 |a 336.7:17.024.4  |2 MRF 
080 |a 005.966  |2 MRF 
080 |a (0.062)  |2 MRF 
100 1 |a Altucher, James  |7 ola2015865218  |4 aut 
245 1 0 |a Zvolte sebe! :  |b změňte svůj život - buďte šťastní - vydělejte miliony - prožijte svůj sen /  |c James Altucher ; [z anglického originálu ... přeložil Jiří Špalek] 
250 |a Vyd. 1. 
260 |a Praha :  |b Synergie,  |c c2015 
300 |a 270 s. :  |b il. ;  |c 21 cm 
650 0 7 |a seberealizace  |7 ph125451  |2 czenas 
650 0 7 |a sebeřízení  |7 ph303239  |2 czenas 
650 0 7 |a koučování  |7 ph335997  |2 czenas 
650 0 7 |a úspěch  |7 ph128351  |2 czenas 
650 0 7 |a profesní úspěch  |7 ph124628  |2 czenas 
650 0 7 |a úspěch v podnikání  |7 ph286292  |2 czenas 
650 0 7 |a finanční úspěch  |7 ph120243  |2 czenas 
650 0 7 |a rozvoj kariéry  |7 ph162910  |2 czenas 
650 0 9 |a self-realization  |2 eczenas 
650 0 9 |a self-management  |2 eczenas 
650 0 9 |a coaching  |2 eczenas 
650 0 9 |a success  |2 eczenas 
650 0 9 |a career success  |2 eczenas 
650 0 9 |a success in business  |2 eczenas 
650 0 9 |a financial success  |2 eczenas 
650 0 9 |a career development  |2 eczenas 
655 7 |a populárně-naučné publikace  |7 fd131864  |2 czenas 
655 9 |a popular works  |2 eczenas 
765 0 |t Choose yourself!  |9 Česky 
910 2 |a BOA001  |b 2-1345.078 
990 |a BK 
995 |a 01 
991 |b 201504  |c NOV  |e n 
996 6 |b 2610627637  |c 2-1345.078  |l MZK  |r Sklad / do 1 hodiny  |n 3  |p p.v.  |w 001498094  |u 000010  |a 1  |e BOA001  |j MZK50  |s P